LEADER 01152nam a2200277 i 4500 001 000000221933 003 CaOOAMICUS 005 20130823000000.0 008 130823s2000 it u000 u ita u 013 $a200830 020 $a88-7188-358-6 040 $aSeMil$bita 100 1 $aBiuso, Alberto Giovanni.$0(OLS)http://semarc/name/77596 245 10$aAntropologia e filosofia :$belementi di propedeutica filosofica /$cAlberto Giovanni Biuso. 260 $aNapoli :$bGuida,$c2000. 300 $a165 p. ;$c23 cm. 490 0 $aStrumenti e ricerche ;$v3 650 4$aFilosofia.$0(OLS)http://semarc/subject/212 650 4$aAntropologia.$0(OLS)http://semarc/subject/617 830 0$aStrumenti e ricerche ;$v3.$0(OLS)http://semarc/title/20723 850 $aSeMil 852 $aSeMil$W1$xVenegono$y1$m2P VII 6$j172282$B172282$CSeMilBibl$Z2$F182926 $81 961 $aOmaggio: Conti don Ermenegildo 996 $6020$a88-7188-358-6$9(OLS)http://semarc/number/221207 996 $6245$aAntropologia e filosofia :$belementi di propedeutica filosofica$9(OLS)http://semarc/title/318182 996 $6260$aNapoli :$bGuida$9(OLS)http://semarc/publisher/31216 LEADER 00959nam a2200193 i 4500 001 000000008386 003 CaOOAMICUS 005 20180830125439.0 008 180830s1899 it u000 u ita u 040 $aSeMil$bita 100 1 $aGrisar, Hartmann,$c.$0(OLS)http://semarc/name/4253 245 10$aAnalecta romana :$bdissertazioni, testi, monumenti dell'arte riguardanti principalmente la storia di Roma e dei Papi nel Medio Evo /$cH. Grisar. 260 $aRoma :$bDesclée, Lefebvre e C.,$c1899. 300 $av. ;$c29 cm. 650 4$aPapato - Storia.$0(OLS)http://semarc/subject/198 650 4$aPapi - Storia - Fonti.$0(OLS)http://semarc/subject/1334 774 0 $tVol. 1.$g1$w()180488 996 $6245$aAnalecta romana :$bdissertazioni, testi, monumenti dell'arte riguardanti principalmente la storia di Roma e dei Papi nel Medio Evo$9(OLS)http://semarc/title/11140 996 $6260$aRoma :$bDesclée, Lefebvre e C.$9(OLS)http://semarc/publisher/29735